| 000 | 00486nam a2200193Ia 4500 | ||
|---|---|---|---|
| 003 | OSt | ||
| 005 | 20250822102933.0 | ||
| 008 | 210210b1976 xxu||||| |||| 00| 0 eng d | ||
| 040 | _cAL | ||
| 041 | _aKannada | ||
| 082 | _aK894.2 RAMH | ||
| 100 |
_aRAMADAS. _dರಾಮದಾಸ್ _9236941 |
||
| 245 |
_aHedigalu. _bಹೇಡಿಗಳು |
||
| 260 |
_aUdupi _bJyotismati Prakashana _c1976 |
||
| 300 | _a23 | ||
| 690 |
_aKannada Drama _9236942 |
||
| 906 | _aSG00095 | ||
| 942 |
_2ddc _cSG |
||
| 999 |
_c111640 _d111640 |
||